书目信息 |
| 题名: |
海洋工程
|
|
| 作者: | 雷鸣 编写 | |
| 分册: | ||
| 出版信息: | 北京 中国建材工业出版社 1998 |
|
| 页数: | 103页 | |
| 开本: | 19cm | |
| 丛书名: | 世界科技全景百卷书 | |
| 单 册: | ||
| 中图分类: | P75-49 | |
| 科图分类: | ||
| 主题词: | 海洋工程--普及读物 | |
| 电子资源: | ||
| ISBN: | 7-80090-768-6 | |
| 000 | 00681oam2 2200241 450 | |
| 001 | 1535068986 | |
| 005 | 20150127094511.26 | |
| 010 | @a7-80090-768-6@dCNY6.80 | |
| 100 | @a19961012d1998 em y0chiy0110 ea | |
| 101 | 0 | @achi |
| 102 | @aCN@b110000 | |
| 105 | @ay z 000yy | |
| 200 | 1 | @a海洋工程@9hai yang gong cheng@f雷鸣编写 |
| 210 | @a北京@c中国建材工业出版社@d1998 | |
| 215 | @a103页@d19cm | |
| 225 | 2 | @a世界科技全景百卷书@i科技大趋势系列@v92 |
| 461 | 0 | @12001 @a世界科技全景百卷书 |
| 462 | 0 | @12001 @a科技大趋势系列 |
| 606 | 0 | @a海洋工程@x普及读物 |
| 690 | @aP75-49@v5 | |
| 701 | 0 | @a雷鸣@9lei ming@4编写 |
| 801 | 0 | @aCN@bTSSF@c20150127 |
| 905 | @aZUCC@dP75-49@eJY1 | |
| 海洋工程/雷鸣编写.-北京:中国建材工业出版社,1998 |
| 103页;19cm.-(世界科技全景百卷书.科技大趋势系列;92) |
| ISBN 7-80090-768-6:CNY6.80 |
| ● |
| 相关链接 |
|
|
|
|
正题名:海洋工程
索取号:P75-49/JY1
 
预约/预借
| 序号 | 登录号 | 条形码 | 馆藏地/架位号 | 状态 | 备注 |
| 1 | 7838155 | 278381555 | 学院路分馆/ [索取号:P75-49/JY1] | 在馆 | |
| 2 | 7838156 | 278381564 | 学院路分馆/ [索取号:P75-49/JY1] | 在馆 |